| 000 | 01806cam a22002055i 4500 | ||
|---|---|---|---|
| 999 |
_c38078 _d38078 |
||
| 020 | _a9781032045863 | ||
| 041 | _aeng. | ||
| 082 |
_a294.3437 _bCUL- |
||
| 245 | 0 | 0 |
_aCulture as power : _bBuddhist heritage and the Indo-Japanese dialogue / _cEdited by Madhu Bhalla. |
| 260 |
_aNewyork : _bRoutledge, _c2021. |
||
| 300 | _axxiv, 213p. | ||
| 504 | _aIncludes bibliographical references and index. | ||
| 520 | _aThis book presents new studies on intellectual and cultural interactions in the context of Buddhist heritage and Indo-Japanese dialogue in the late 19th and early 20th centuries on art, religion, and cultural politics. By revisiting Buddhist connections between India and Japan, it examines the pathways of communication on common aesthetic and religious heritage that emerged in the backdrop of colonial experiences and the rise of Asian nationalisms. The volume discusses themes such as Asian arts and crafts under colonialism, formation of East Asian art collections, development of Buddhist art history in Japan, Japanese encounters with Ajanta, India in the history of the Shinto tradition, Japan in India’s xenology, and Buddhism and world peace, and suggests paradigms of reconnecting cultural heritage within a global platform. With essays from experts across the world, this book will be an essential read for scholars and researchers of history, art history, ancient Indian history, colonial history, heritage and cultural studies, South Asian and East Asian history, visual and media studies, Asian studies, international relations and foreign policy, and the history of globalization. | ||
| 546 | _aEnglish. | ||
| 650 |
_aBuddhist art _zIndia. |
||
| 650 |
_aBuddhist art _zJapan. |
||
| 650 |
_aIndia _xRelations _zJapan. |
||
| 700 |
_aBhalla, Madhu _eeditor. |
||
| 942 |
_2ddc _cBK |
||